Differences and congruencies between PVA packages: the importance of sex ratio for predictions of extinction risk (Registro nro. 12040)

Detalles MARC
000 -CABECERA
Campo de control 006400000a22001810004500
090 ## - CLASIFICACIÓN LOCAL
Colección AR
Consecutivo 02982
041 0# - IDIOMA
Código de idioma para texto/pista de sonido o título separado
100 1# - ASIENTO PRINCIPAL--NOMBRE PERSONAL
Nombre personal Brook, Barry W.
245 10 - MENCION DE TITULO
Título Differences and congruencies between PVA packages: the importance of sex ratio for predictions of extinction risk
650 14 - ASIENTO SECUNDARIO DE MATERIA - TERMINO TEMATICO
Término temático o nombre geográfico como elemento de entrada Dinámica poblacional
650 14 - ASIENTO SECUNDARIO DE MATERIA - TERMINO TEMATICO
Término temático o nombre geográfico como elemento de entrada Ecología de poblaciones
650 14 - ASIENTO SECUNDARIO DE MATERIA - TERMINO TEMATICO
Término temático o nombre geográfico como elemento de entrada Posibilidades de extinción
650 14 - ASIENTO SECUNDARIO DE MATERIA - TERMINO TEMATICO
Término temático o nombre geográfico como elemento de entrada Demografía
700 1# - ASIENTO SECUNDARIO - NOMBRE PERSONAL
Nombre personal Burgman, Mark A.
700 1# - ASIENTO SECUNDARIO - NOMBRE PERSONAL
Nombre personal Frankham, Richard
773 1# - Item fuente:
Título Conservation Ecology: a Peer-Reviewed Journal
Especificación de materiales 798
Descripción física 1
Paginas del Articulo 1-18
Lugar, editorial y fecha de publicación 2000
Información sobre la relación 4
942 ## - ELEMENTOS ADICIONALES (KOHA)
Tipo de ítem Artículo
Existencias
Withdrawn status Lost status Damaged status No para préstamo Colección Ubicación Permanente Ubicación actual Fecha de adquisición Datos de publicación Seriada Total Checkouts Número topográfico Inventario / Código de Barras Date last seen Ejemplar Price effective from Forma de adquisición Tipo de material
      No para Préstamo Hemeroteca Bogotá Bogotá 27/02/2015 Fuera de circulación   AR 02982 013479 25/03/2015 1 25/03/2015   Artículo